<?xml version="1.0" encoding="UTF-8"?>
<record
    xmlns:xsi="http://www.w3.org/2001/XMLSchema-instance"
    xsi:schemaLocation="http://www.loc.gov/MARC21/slim http://www.loc.gov/standards/marcxml/schema/MARC21slim.xsd"
    xmlns="http://www.loc.gov/MARC21/slim">

  <leader>01736nam a22001937a 4500</leader>
  <datafield tag="999" ind1=" " ind2=" ">
    <subfield code="c">652</subfield>
    <subfield code="d">652</subfield>
  </datafield>
  <controlfield tag="003">OSt</controlfield>
  <controlfield tag="005">20220712123716.0</controlfield>
  <controlfield tag="008">180226b        xxu||||| |||| 00| 0 spa d</controlfield>
  <datafield tag="040" ind1=" " ind2=" ">
    <subfield code="c">PJ</subfield>
  </datafield>
  <datafield tag="100" ind1=" " ind2=" ">
    <subfield code="9">908</subfield>
    <subfield code="a">L&#xF3;pez, Mario Justo</subfield>
  </datafield>
  <datafield tag="245" ind1="1" ind2="3">
    <subfield code="a">El mito de la constituci&#xF3;n :</subfield>
    <subfield code="b">y tres ensayos sobre la democracia / </subfield>
    <subfield code="c">Mario Justo Lopez.</subfield>
  </datafield>
  <datafield tag="260" ind1=" " ind2=" ">
    <subfield code="a">Buenos Aires :</subfield>
    <subfield code="b">Abeledo-Perrot,</subfield>
    <subfield code="c">1963.</subfield>
  </datafield>
  <datafield tag="300" ind1=" " ind2=" ">
    <subfield code="a">73 p.</subfield>
    <subfield code="c">24 cm.</subfield>
  </datafield>
  <datafield tag="500" ind1=" " ind2=" ">
    <subfield code="a">Bibliograf&#xED;a y notas al pie de p&#xE1;gina.</subfield>
  </datafield>
  <datafield tag="505" ind1=" " ind2=" ">
    <subfield code="a">EL MITO DE LA CONSTITUCI&#xD3;N.
1. Una nueva concepci&#xF3;n del mito.
2. El mito soreliano.
3. La constituci&#xF3;n como mito.
4. Ocaso.
5. Renacimiento.
QUE ES LA DEMOCRACIA
1. La democracia, como forma de gobierno y como redimen integral o sistema social.
2.La democracia, modelo irrealidad y peligro.
3. La democracia contempor&#xE1;nea
4. La creencia en la naturaleza racional del hombre y de la sociedad.
5. Las modalidades reales de los protagonistas hist&#xF3;ricos.
6. El constitucionalismo.
7.La democracia constitucional.
SOBRE DEFENSA DE LA DEMOCRACIA
1. Limitaci&#xF3;n del tema.
2. Los t&#xE9;rminos del dilema.
3. La superaci&#xF3;n del dilema.
4. Necesidad de defensa.
6. Requisitos extr&#xED;nsecos de la defensa.
7. Requisitos intr&#xED;nsecos de la defensa.
MORENO Y LA DEMOCRACIA COMO FORMA DE VIDA
1.Moreno y la palabra democracia.
3. La palabra democracia a fines del siglo XVIII.
4.Mariano Moreno &#xBF;era o no dem&#xF3;crata?
6. Moreno antes de la revoluci&#xF3;n.
7. Moreno y la Revoluci&#xF3;n.
8. Moreno y la democracia constitucional.
9. Cambio de las ideas en las costumbres.
 

.

</subfield>
    <subfield code="r">MARIO JUSTO LOPEZ</subfield>
    <subfield code="t">EL MITO DE LA CONSATITUCI&#xD3;N </subfield>
  </datafield>
  <datafield tag="650" ind1=" " ind2="0">
    <subfield code="9">178</subfield>
    <subfield code="a">DERECHO CONSTITUCIONAL</subfield>
  </datafield>
  <datafield tag="650" ind1=" " ind2="0">
    <subfield code="9">356</subfield>
    <subfield code="a">DEMOCRACIA</subfield>
  </datafield>
  <datafield tag="942" ind1=" " ind2=" ">
    <subfield code="2">udc</subfield>
    <subfield code="c">LIB</subfield>
    <subfield code="h">342.4</subfield>
    <subfield code="i">LOP</subfield>
  </datafield>
  <datafield tag="952" ind1=" " ind2=" ">
    <subfield code="0">0</subfield>
    <subfield code="1">0</subfield>
    <subfield code="2">udc</subfield>
    <subfield code="4">0</subfield>
    <subfield code="7">0</subfield>
    <subfield code="a">DJS</subfield>
    <subfield code="b">DJS</subfield>
    <subfield code="d">2018-06-05</subfield>
    <subfield code="o">342.4 LOP</subfield>
    <subfield code="p">3844</subfield>
    <subfield code="r">2018-06-05</subfield>
    <subfield code="w">2018-06-05</subfield>
    <subfield code="y">LIB</subfield>
  </datafield>
</record>
